| 000 | 00904 a2200217 4500 | ||
|---|---|---|---|
| 001 | 33798 | ||
| 005 | 20260407155629.0 | ||
| 008 | 260407a1979 arg spa d | ||
| 003 | AR-UNSa-BCEJYS | ||
| 040 |
_aAR-UNSa-BCEJYS _bspa _cAR-UNSa-BCEJYS |
||
| 080 |
_a658.787 _xControl de existencias. Inventarios (Stock) |
||
| 245 | 1 | 0 |
_aManual de stocks _pla implemantación integral y práctica del control de stocks en la empresa |
| 250 | _a2a. ed. | ||
| 264 | 1 |
_aBuenos Aires : _bAstrea _c1979 |
|
| 300 |
_a190 p. _c22 cm. |
||
| 505 | _a1. Introducción - 2. Normalización y codificación - 3. Diagarama ABC - 4. Teoría de los stocks - 5. Políticas de stocks. Aplicaciones prácticas - Apéndice. | ||
| 942 | _cBK | ||
| 590 | _aniveau_biblio:m niveau_hierar:0 | ||
| 100 | 1 | _aMunier, Nolberto J. | |
| 856 | 4 | 1 |
_uhttps://biblioeco.unsa.edu.ar/pmb/images/libros/L39753.jpg _yImagen de portada _qimage/jpeg |
| 999 |
_c2395 _d2395 |
||